000 00225 a2200097 4500
001 55336
100 _a
245 _aAdventures of huckleberry finn
260 _aSpain
_bChilton Book Co
_c2004
090 _c34323
_d34323
942 _aNUST-CAE
_cMONOGRAPH
_c27029
999 _c290409
_d290409